Normal view
MARC view
Entry Personal Name
001 - CONTROL NUMBER
- control field: 49804
003 - CONTROL NUMBER IDENTIFIER
- control field: OSt
005 - DATE AND TIME OF LATEST TRANSACTION
- control field: 20250107163401.0
008 - FIXED-LENGTH DATA ELEMENTS
- fixed length control field: 250107|| aca||aabn | a|a d
040 ## - CATALOGING SOURCE
- Original cataloging agency: OSt
- Transcribing agency: OSt
100 ## - HEADING--PERSONAL NAME
- Personal name: Luthra, Manan
670 ## - SOURCE DATA FOUND
- Source citation: Work cat.: (OSt): Luthra, Manan , Reporting riots: Processions, police and public in the new imperial capital of Delhi (199-1925)
